| 000 | 01447nam a2200313 i 4500 | ||
|---|---|---|---|
| 001 | 123589 | ||
| 003 | ES-MaACL | ||
| 005 | 20250903011200.0 | ||
| 007 | t| | ||
| 008 | 070214m19741980sp r ||||1| spa d | ||
| 100 | 1 |
_aQuinet, Jean. _994645 |
|
| 245 | 1 | 0 |
_aCurso elemental de matemáticas superiores / _cJ. Quinet ; prólogo de R. Barthélemy ; traducción de Félix Vidondo Morrás, Carlos San Antonio Monsell, Angel Calavia Jaime. |
| 260 |
_aMadrid : _bParaninfo, _c1974-1980. |
||
| 300 |
_a4 v. ; _c22 cm. |
||
| 490 | 1 | _aPolitécnica | |
| 505 | 8 | _aContiene: Tomo II. Desarrollos en serie, cálculo de complejos, cálculo diferencial y aplicaciones. Tomo III. Cálculo integral y primeras aplicaciones. Tomo IV. Continuación del cálculo integral y aplicaciones. Tomo V. Ecuaciones diferenciales y sus aplicaciones | |
| 650 | 0 | 7 |
_aMatemáticas _2embne _914814 |
| 700 | 1 |
_aBarthélemy, R. _926122 |
|
| 700 | 1 |
_aVidondo Morrás, Félix. _9114553 |
|
| 700 | 1 |
_aSan Antonio Monsell, Carlos. _9102228 |
|
| 700 | 1 |
_aCalavia Jaime, Angel. _933556 |
|
| 740 | 0 | _aDesarrollos en serie, cálculo de complejos, cálculo diferencial y aplicaciones. | |
| 740 | 0 | _aCálculo integral y primeras aplicaciones. | |
| 740 | 0 | _aContinuación del cálculo integral y aplicaciones. | |
| 740 | 0 | _aEcuaciones diferenciales y sus aplicaciones. | |
| 830 | 0 |
_aPolitécnica _9218948 |
|
| 852 |
_aES-MaACL _jP-1814 |
||
| 999 |
_c123589 _d123589 |
||